Tres noviembres /
Αποθηκεύτηκε σε:
| Κύριος συγγραφέας: | |
|---|---|
| Μορφή: | Άγνωστο |
| Γλώσσα: | Spanish |
| Έκδοση: |
San José, Costa Rica :
EDUCA,
1996.
|
| Θέματα: | |
| Ετικέτες: |
Προσθήκη ετικέτας
Δεν υπάρχουν, Καταχωρήστε ετικέτα πρώτοι!
|
MARC
| LEADER | 000000000a22000000004500 | ||
|---|---|---|---|
| 001 | 015725 | ||
| 020 | |a 9977302588 | ||
| 041 | 0 | |a spa | |
| 082 | 0 | 4 | |a CR861.4 |b Z87t |
| 100 | 1 | |a Zonta Arias, José Maria, |d 1961- | |
| 245 | 1 | 0 | |a Tres noviembres / |c José Maria Zonta Arias. |
| 260 | 1 | |a San José, Costa Rica : |b EDUCA, |c 1996. | |
| 300 | |a 86 páginas | ||
| 650 | 4 | |a POESIA COSTARRICENSE | |
| 650 | 4 | |a LITERATURA COSTARRICENSE | |
| 999 | |c 21563 |d 21563 | ||
| 942 | |c BK |h CR861.4 Z87t |2 z | ||



